[Event "GER-chT Lands U20"]
[Site "Wiesbaden"]
[Date "2022.10.04"]
[Round "7.7"]
[White "Modali, Nikhilamrutha"]
[Black "Alhassan, Jodi"]
[Result "1-0"]
[WhiteElo "1355"]
[BlackElo "1227"]
[PlyCount "65"]
[EventDate "2022.09.30"]
[EventType "team-swiss"]
[EventRounds "7"]
[EventCountry "GER"]
[SourceTitle "CBM 210 Extra"]
[Source "ChessBase"]
[SourceDate "2022.11.30"]
[SourceVersion "1"]
[SourceVersionDate "2022.11.30"]
[SourceQuality "1"]
[WhiteTeam "Hamburg U20"]
[BlackTeam "Saarland U20"]
[WhiteTeamCountry "GER"]
[BlackTeamCountry "GER"]

1. e4 c5 2. Nf3 d6 3. d4 cxd4 4. Nxd4 Nf6 5. Nc3 a6 6. f3 e5 7. Nb3 Be7 8. Be3 Be6 9. Qd2 0-0 10. 0-0-0 Nbd7 11. g4 b5 12. g5 b4 13. Ne2 Ne8 14. Kb1 a5 15. Nbc1 Nb6 16. Ng3 Rb8 17. f4 exf4 18. Bxf4 Na4 19. Ka1 Nc5 20. Nb3 Bxb3 21. cxb3 a4 22. bxa4 Nxa4 23. Nf5 Nc5 24. Bg2 Ne6 25. h4 Nxf4 26. Qxf4 Nc7 27. Nxd6 Bxd6 28. Rxd6 Qe7 29. Rhd1 Ne6 30. Qe3 Rfd8 31. e5 g6 32. Qf2 Qa7 33. Qxa7 1-0

[Event "GER-ch U16 Girls"]
[Site "Willingen"]
[Date "2022.06.11"]
[Round "9"]
[White "Alhassan, Jodi"]
[Black "Miriieva, Amina"]
[Result "0-1"]
[WhiteElo "1225"]
[BlackElo "1155"]
[PlyCount "52"]
[EventDate "2022.06.04"]
[EventType "swiss"]
[EventRounds "9"]
[EventCountry "GER"]
[SourceTitle "CBM 208 Extra"]
[Source "ChessBase"]
[SourceDate "2022.07.31"]
[SourceVersion "1"]
[SourceVersionDate "2022.07.31"]
[SourceQuality "1"]

1. e4 e5 2. Nf3 Nc6 3. Bc4 Nf6 4. d3 d5 5. exd5 Nxd5 6. Qe2 Bg4 7. 0-0 Be7 8. Be3 0-0 9. Nbd2 f5 10. Nb3 Kh8 11. Rfd1 Nf6 12. h3 Bh5 13. Nc5 f4 14. Ne6 Qd7 15. Nxf8 Rxf8 16. Bd2 Nd4 17. Qf1 Nxf3+ 18. gxf3 Bxf3 19. Re1 e4 20. Bxf4 Nh5 21. Bh2 Rf5 22. h4 Bxh4 23. dxe4 Rg5+ 24. Bg3 Nxg3 25. Qd3 Nh1+ 26. Kh2 Rg2+ 0-1

[Event "GER-ch U16 Girls"]
[Site "Willingen"]
[Date "2022.06.07"]
[Round "4"]
[White "Racky, Selina"]
[Black "Alhassan, Jodi"]
[Result "0-1"]
[WhiteElo "1424"]
[BlackElo "1225"]
[PlyCount "78"]
[EventDate "2022.06.04"]
[EventType "swiss"]
[EventRounds "9"]
[EventCountry "GER"]
[SourceTitle "CBM 208 Extra"]
[Source "ChessBase"]
[SourceDate "2022.07.31"]
[SourceVersion "1"]
[SourceVersionDate "2022.07.31"]
[SourceQuality "1"]

1. e4 c5 2. Nf3 d6 3. d4 cxd4 4. Nxd4 Nf6 5. Nc3 a6 6. Bg5 e6 7. Qe2 Be7 8. f4 Nbd7 9. 0-0-0 Qc7 10. g4 b5 11. a3 Bb7 12. Bg2 Rc8 13. Kb1 Nc5 14. Rhe1 Na4 15. Nxa4 bxa4 16. Bxf6 Bxf6 17. g5 Be7 18. Rd3 0-0 19. h4 e5 20. fxe5 dxe5 21. Nf5 a5 22. Red1 Ba6 23. Rd7 Bxe2 24. Nxe7+ Kh8 25. Rxc7 Rxc7 26. Nd5 Bxd1 27. Nxc7 Rc8 28. Nd5 Bxc2+ 29. Ka1 Bb3 30. Nc3 g6 31. Kb1 Kg7 32. Bf1 Bc4 33. Bxc4 Rxc4 34. Kc2 Rc8 35. Kd3 Rd8+ 36. Kc2 Rd4 37. Kc1 f6 38. Kc2 fxg5 39. hxg5 h6 0-1

[Event "GER-ch U14 Girls"]
[Site "Willingen"]
[Date "2021.08.23"]
[Round "2"]
[White "Alhassan, Jodi"]
[Black "Arnold, Rubina"]
[Result "1/2-1/2"]
[WhiteElo "1243"]
[BlackElo "1498"]
[PlyCount "56"]
[EventDate "2021.08.22"]
[EventType "swiss"]
[EventRounds "9"]
[EventCountry "GER"]
[SourceTitle "EXT 2022"]
[Source "ChessBase"]
[SourceDate "2021.10.06"]
[SourceVersion "1"]
[SourceVersionDate "2021.10.06"]
[SourceQuality "1"]

1. e4 d5 2. exd5 Qxd5 3. Nc3 Qa5 4. d4 Nf6 5. Bc4 Nc6 6. Nge2 Bf5 7. Bd2 Qb6 8. Na4 Bxc2 9. Nxb6 Bxd1 10. Nxa8 Bxe2 11. Bxe2 Kd7 12. a3 e6 13. Nxc7 Kxc7 14. Bf4+ Bd6 15. Bxd6+ Kxd6 16. Rd1 Rd8 17. 0-0 Kc7 18. Rc1 Rxd4 19. Rfd1 Rxd1+ 20. Rxd1 Ne8 21. f3 Nd6 22. g4 g6 23. Kf2 f5 24. gxf5 exf5 25. h4 f4 26. Kg2 Nf5 27. Kh3 h5 28. Rd2 Ncd4 1/2-1/2

[Event "GER-chT Lands U20"]
[Site "Wuerzburg"]
[Date "2019.10.04"]
[Round "4.10"]
[White "Alhassan, Jodi"]
[Black "Heinze, Sofie"]
[Result "1-0"]
[WhiteElo "1147"]
[BlackElo "1207"]
[PlyCount "65"]
[EventDate "2019.10.01"]
[EventType "team-swiss"]
[EventRounds "7"]
[EventCountry "GER"]
[SourceTitle "EXT 2020"]
[Source "ChessBase"]
[SourceDate "2019.10.17"]
[SourceVersion "1"]
[SourceVersionDate "2019.10.17"]
[SourceQuality "1"]
[WhiteTeam "Saarland"]
[BlackTeam "Brandenburg/Berlin"]
[WhiteTeamCountry "GER"]
[BlackTeamCountry "GER"]

1. e4 e5 2. Nf3 Nc6 3. Bc4 Nf6 4. Ng5 d5 5. exd5 Nxd5 6. Nxf7 Kxf7 7. Qf3+ Ke6 8. Nc3 Bc5 9. Bxd5+ Kd6 10. Nb5+ Kd7 11. Qf7+ Qe7 12. 0-0 Qxf7 13. Bxf7 Rf8 14. Bb3 b6 15. d3 Bb7 16. Bd5 Rf6 17. Be3 Bxe3 18. fxe3 Raf8 19. Nxa7 Kd6 20. Bxc6 Bxc6 21. Nxc6 Kxc6 22. Rxf6+ Rxf6 23. Rf1 Rg6 24. Rf3 Kc5 25. Rg3 Rxg3 26. hxg3 g5 27. g4 c6 28. Kf2 Kd5 29. Ke2 c5 30. c3 h6 31. c4+ Kd6 32. Kf3 Ke6 33. Ke4 1-0

[Event "GER-ch U12 Girls"]
[Site "Willingen"]
[Date "2019.06.14"]
[Round "8"]
[White "Alhassan, Jodi"]
[Black "Labuda, Annika"]
[Result "0-1"]
[WhiteElo "1108"]
[BlackElo "1251"]
[PlyCount "74"]
[EventDate "2019.06.08"]
[EventType "swiss"]
[EventRounds "9"]
[EventCountry "GER"]
[SourceTitle "CBM 191 Extra"]
[Source "ChessBase"]
[SourceDate "2019.09.30"]
[SourceVersion "1"]
[SourceVersionDate "2019.09.30"]
[SourceQuality "1"]

1. e4 e5 2. Nf3 Nc6 3. Bc4 Bc5 4. c3 Nf6 5. d4 exd4 6. cxd4 Bb4+ 7. Nc3 Nxe4 8. 0-0 Bxc3 9. bxc3 0-0 10. Qc2 Nf6 11. Ba3 d6 12. Rfe1 Bg4 13. Ng5 h6 14. Ne4 Bf5 15. Nxf6+ Qxf6 16. Bd3 Bxd3 17. Qxd3 Rfe8 18. Qb5 Rxe1+ 19. Rxe1 Rb8 20. Bb2 a6 21. Qd3 d5 22. h3 Na5 23. Ba3 Nc4 24. Be7 Qc6 25. Bh4 Re8 26. Ra1 Qe6 27. Bg3 c6 28. Rb1 b5 29. Kf1 Qe4 30. Qxe4 Rxe4 31. Re1 Nd2+ 32. Kg1 Rxe1+ 33. Kh2 Ra1 34. Bd6 Rxa2 35. Kg3 Ne4+ 36. Kf3 Nxd6 37. g4 Ra3 0-1

[Event "GER-ch U12 Girls"]
[Site "Willingen"]
[Date "2019.06.11"]
[Round "4"]
[White "Alhassan, Jodi"]
[Black "Ding, Tina"]
[Result "0-1"]
[WhiteElo "1108"]
[BlackElo "1180"]
[PlyCount "112"]
[EventDate "2019.06.08"]
[EventType "swiss"]
[EventRounds "9"]
[EventCountry "GER"]
[SourceTitle "CBM 191 Extra"]
[Source "ChessBase"]
[SourceDate "2019.09.30"]
[SourceVersion "1"]
[SourceVersionDate "2019.09.30"]
[SourceQuality "1"]

1. e4 c5 2. Nf3 Nc6 3. d4 cxd4 4. Nxd4 g6 5. c3 Bg7 6. Bc4 Nf6 7. Nd2 0-0 8. 0-0 d6 9. Bb5 Nxd4 10. cxd4 Qb6 11. Qa4 a6 12. Bc4 Bd7 13. Qb3 Qxd4 14. Qb4 Be6 15. Qc3 Qxc3 16. bxc3 Bxc4 17. Nxc4 Nxe4 18. Rb1 Rac8 19. Nb6 Nxc3 20. Nxc8 Nxb1 21. Nxe7+ Kh8 22. Bf4 Nc3 23. Bxd6 Rd8 24. Bc5 Nxa2 25. h3 Nc3 26. Re1 a5 27. Bb6 Ra8 28. Ra1 Ne2+ 29. Kf1 Bxa1 30. Kxe2 a4 31. Nd5 Ra6 32. Kd2 a3 33. Bc5 Ra5 34. Bxa3 Rxd5+ 35. Ke2 b5 36. Kf1 Re5 37. g3 Bc3 38. Kg2 b4 39. Bxb4 Bxb4 40. Kg1 Kg7 41. Kg2 h5 42. Kg1 g5 43. Kg2 h4 44. g4 Kg6 45. Kg1 f5 46. f3 Re2 47. Kf1 Ra2 48. Kg1 f4 49. Kf1 Kf6 50. Kg1 Ke5 51. Kh1 Kd4 52. Kg1 Ke3 53. Kh1 Kxf3 54. Kg1 Rf2 55. Kh1 Kg3 56. Kg1 f3 0-1

[Event "Youth District Germany"]
[Site "Wuerzburg"]
[Date "2018.10.07"]
[Round "7.8"]
[White "Alhassan, Jodi"]
[Black "Praus, Pia Rosa"]
[Result "0-1"]
[WhiteElo "1094"]
[BlackElo "1150"]
[PlyCount "76"]
[EventDate "2018.10.02"]
[EventType "team-swiss"]
[EventRounds "7"]
[EventCountry "GER"]
[SourceTitle "CBM 186 Extra"]
[Source "ChessBase"]
[SourceDate "2018.08.24"]
[SourceVersion "1"]
[SourceVersionDate "2018.08.24"]
[SourceQuality "1"]
[WhiteTeam "Saarland U20"]
[BlackTeam "Berlin U20"]
[WhiteTeamCountry "GER"]
[BlackTeamCountry "GER"]

1. e4 d6 2. d4 Nf6 3. Nc3 g6 4. Nf3 Bg7 5. Bg5 0-0 6. Bc4 Nbd7 7. Qd2 c5 8. d5 Nb6 9. b3 Nxe4 10. Nxe4 Bxa1 11. c3 Nxc4 12. bxc4 Qb6 13. Qd1 f6 14. Bh6 Bxc3+ 15. Nxc3 Re8 16. 0-0 Bf5 17. Re1 Qb2 18. Qc1 Qxc1 19. Rxc1 Bd3 20. Nb5 Rac8 21. Nxa7 Ra8 22. Nb5 Rxa2 23. Nc7 Rc8 24. Ne6 Rca8 25. h3 Ra1 26. Rxa1 Rxa1+ 27. Kh2 Bxc4 28. Nc7 b5 29. Nd2 Rd1 30. Nxc4 bxc4 31. Nb5 Rxd5 32. g3 Rd3 33. Kg2 Rb3 34. Nc7 c3 35. Nd5 c2 36. Be3 Rxe3 37. fxe3 c1Q 38. Nxe7+ Kf7 0-1

[Event "Youth District Germany"]
[Site "Wuerzburg"]
[Date "2018.10.06"]
[Round "6.8"]
[White "Alferova, Emily"]
[Black "Alhassan, Jodi"]
[Result "1-0"]
[WhiteElo "1316"]
[BlackElo "1094"]
[PlyCount "109"]
[EventDate "2018.10.02"]
[EventType "team-swiss"]
[EventRounds "7"]
[EventCountry "GER"]
[SourceTitle "CBM 186 Extra"]
[Source "ChessBase"]
[SourceDate "2018.08.24"]
[SourceVersion "1"]
[SourceVersionDate "2018.08.24"]
[SourceQuality "1"]
[WhiteTeam "Bayern U20 II"]
[BlackTeam "Saarland U20"]
[WhiteTeamCountry "GER"]
[BlackTeamCountry "GER"]

1. e4 e5 2. Nf3 Nc6 3. Bc4 Bc5 4. c3 Nf6 5. d3 0-0 6. Nbd2 d6 7. h3 a6 8. Bb3 b5 9. a3 Bb7 10. Nf1 h6 11. Ng3 Bb6 12. 0-0 Ne7 13. Bc2 Ng6 14. Re1 Re8 15. Nf5 Ne7 16. N3h4 Nxf5 17. Nxf5 Bc8 18. Ng3 Be6 19. Be3 Bxe3 20. fxe3 c5 21. Kh1 Qd7 22. Kh2 Rac8 23. d4 cxd4 24. exd4 exd4 25. cxd4 Qc7 26. Rc1 Bd7 27. e5 dxe5 28. Bh7+ Kxh7 29. Rxc7 Rxc7 30. dxe5 Ng8 31. Qd6 Rec8 32. Qd3+ Kh8 33. Qd6 a5 34. Qd5 Rf8 35. Qd6 Rfc8 36. b3 Kh7 37. b4 a4 38. Ne4 Bc6 39. Nc5 Kh8 40. e6 fxe6 41. Rxe6 Kh7 42. Qd3+ Kh8 43. Qc3 Ne7 44. Rxh6+ Kg8 45. Rh5 Ng6 46. Qg3 Be8 47. Rg5 Kh7 48. Qg4 Rc6 49. h4 R8c7 50. Ne6 Bd7 51. Qh5+ Kg8 52. Nxc7 Rxc7 53. Qxg6 Bc6 54. Qd6 Rc8 55. Qe6+ 1-0

[Event "Youth District Germany"]
[Site "Wuerzburg"]
[Date "2018.10.05"]
[Round "4.8"]
[White "Alhassan, Jodi"]
[Black "Bress, Amy Charlize"]
[Result "1/2-1/2"]
[WhiteElo "1094"]
[BlackElo "1464"]
[PlyCount "53"]
[EventDate "2018.10.02"]
[EventType "team-swiss"]
[EventRounds "7"]
[EventCountry "GER"]
[SourceTitle "CBM 186 Extra"]
[Source "ChessBase"]
[SourceDate "2018.08.24"]
[SourceVersion "1"]
[SourceVersionDate "2018.08.24"]
[SourceQuality "1"]
[WhiteTeam "Saarland U20"]
[BlackTeam "Mecklenburg-Vorpommern U20"]
[WhiteTeamCountry "GER"]
[BlackTeamCountry "GER"]

1. e4 c5 2. Nf3 e6 3. d4 cxd4 4. Nxd4 a6 5. a3 Nf6 6. Nc3 Qc7 7. Be2 Be7 8. f4 d6 9. 0-0 0-0 10. Be3 b5 11. Bf3 Bb7 12. e5 dxe5 13. Bxb7 Qxb7 14. fxe5 Nfd7 15. Bf4 Bc5 16. Kh1 Rd8 17. Nf3 Nc6 18. Qe2 Rac8 19. Rad1 Qa7 20. Ne4 Nd4 21. Nxd4 Bxd4 22. c3 Bb6 23. Qg4 Bc7 24. Bh6 Bxe5 25. Nd6 Rc7 26. Nxf7 Rf8 27. Nxe5 1/2-1/2

[Event "Youth District Germany"]
[Site "Wuerzburg"]
[Date "2018.10.04"]
[Round "3.8"]
[White "Bako, Evelin"]
[Black "Alhassan, Jodi"]
[Result "1-0"]
[WhiteElo "1002"]
[BlackElo "1094"]
[PlyCount "107"]
[EventDate "2018.10.02"]
[EventType "team-swiss"]
[EventRounds "7"]
[EventCountry "GER"]
[SourceTitle "CBM 186 Extra"]
[Source "ChessBase"]
[SourceDate "2018.08.24"]
[SourceVersion "1"]
[SourceVersionDate "2018.08.24"]
[SourceQuality "1"]
[WhiteTeam "Wuerttemberg U20 II"]
[BlackTeam "Saarland U20"]
[WhiteTeamCountry "GER"]
[BlackTeamCountry "GER"]

1. d4 d5 2. Nf3 Nc6 3. e3 Nf6 4. Bd3 Bg4 5. Nbd2 e6 6. Be2 Bd6 7. b3 0-0 8. Bb2 Qe7 9. Ne5 Bxe2 10. Qxe2 Rad8 11. 0-0 Ba3 12. Nxc6 bxc6 13. Bc3 Bb4 14. Bb2 Ba3 15. Bc1 Ra8 16. Nb1 Bb4 17. c3 Bd6 18. f4 Ne4 19. Rf3 f5 20. Rh3 Rf6 21. Qh5 Rh6 22. Qf3 Rxh3 23. Qxh3 Rf8 24. c4 dxc4 25. bxc4 Bb4 26. a3 Be1 27. Kf1 Bf2 28. Nd2 Nxd2+ 29. Bxd2 Qh4 30. Qf3 Bxe3 31. Bxe3 Qxh2 32. Bg1 Qh4 33. g3 Qh3+ 34. Qg2 Qg4 35. Bh2 Rd8 36. Qf2 Qh3+ 37. Kg1 Rf8 38. Rb1 Rf7 39. Rb8+ Rf8 40. Rb7 Rf7 41. Rxa7 Qg4 42. Qe3 Qd1+ 43. Kf2 Qc2+ 44. Qe2 Qxe2+ 45. Kxe2 Rd7 46. Ra8+ Kf7 47. Ra7 Kf6 48. Bg1 g5 49. fxg5+ Kxg5 50. Be3+ Kg4 51. Ra8 Re7 52. Rg8+ Kh3 53. Kf3 h5 54. Rh8 1-0

[Event "GER-ch U12 Girls"]
[Site "Willingen"]
[Date "2018.05.26"]
[Round "11"]
[White "Alhassan, Jodi"]
[Black "Wimmer, Katharina"]
[Result "1/2-1/2"]
[WhiteElo "1126"]
[BlackElo "1169"]
[PlyCount "52"]
[EventDate "2018.05.19"]
[EventType "swiss"]
[EventRounds "11"]
[EventCountry "GER"]
[SourceTitle "CBM 184 Extra"]
[Source "ChessBase"]
[SourceDate "2018.06.28"]
[SourceVersion "1"]
[SourceVersionDate "2018.06.28"]
[SourceQuality "1"]

1. e4 e5 2. Nf3 Nc6 3. Bc4 Bc5 4. Nc3 Nf6 5. d3 d6 6. Na4 Bb6 7. Nxb6 axb6 8. c3 0-0 9. Bg5 Be6 10. Bxe6 fxe6 11. d4 exd4 12. cxd4 h6 13. Bh4 e5 14. d5 Ne7 15. Bxf6 Rxf6 16. 0-0 Ng6 17. Ne1 c6 18. a3 Nf4 19. dxc6 bxc6 20. Qc2 d5 21. Rd1 d4 22. Qb3+ Kh7 23. Nd3 Nxd3 24. Qxd3 b5 25. f4 Rxf4 26. Rxf4 exf4 1/2-1/2

[Event "GER-ch U12 Girls"]
[Site "Willingen"]
[Date "2018.05.23"]
[Round "6"]
[White "Alhassan, Jodi"]
[Black "Von Rosen, Anna"]
[Result "1/2-1/2"]
[WhiteElo "1126"]
[BlackElo "922"]
[PlyCount "73"]
[EventDate "2018.05.19"]
[EventType "swiss"]
[EventRounds "11"]
[EventCountry "GER"]
[SourceTitle "CBM 184 Extra"]
[Source "ChessBase"]
[SourceDate "2018.06.28"]
[SourceVersion "1"]
[SourceVersionDate "2018.06.28"]
[SourceQuality "1"]

1. e4 e5 2. Nf3 Nc6 3. Bc4 Bc5 4. 0-0 Nf6 5. Nc3 0-0 6. d3 d6 7. Bg5 h6 8. Bh4 Re8 9. h3 Be6 10. Bb3 Bxb3 11. axb3 Bb4 12. Bxf6 Qxf6 13. Nd5 Qd8 14. Nxb4 Nxb4 15. c3 Nc6 16. Re1 d5 17. exd5 Qxd5 18. c4 Qd6 19. Qc2 Nb4 20. Qc3 Nxd3 21. Red1 e4 22. Ne1 Rad8 23. Rd2 Qf6 24. Qxf6 gxf6 25. Nxd3 Rxd3 26. Rxd3 exd3 27. Rd1 Re2 28. Rxd3 Rxb2 29. Kf1 a5 30. Ke1 c6 31. c5 Ra2 32. Rd4 Ra3 33. Rd8+ Kg7 34. Ra8 Rxb3 35. Rxa5 Rb5 36. Rxb5 cxb5 37. Kd2 1/2-1/2

[Event "GER-chT Lands U20"]
[Site "Hannover"]
[Date "2017.10.03"]
[Round "5.8"]
[White "Alhassan, Jodi"]
[Black "Bashylina, Luisa"]
[Result "0-1"]
[WhiteElo "966"]
[BlackElo "1577"]
[PlyCount "98"]
[EventDate "2017.09.29"]
[EventType "team-swiss"]
[EventRounds "7"]
[EventCountry "GER"]
[SourceTitle "EXT 2018"]
[Source "ChessBase"]
[SourceDate "2017.10.13"]
[SourceVersion "1"]
[SourceVersionDate "2017.10.13"]
[SourceQuality "1"]
[WhiteTeam "Saarland U20"]
[BlackTeam "Nordrhein Westfalen U20"]
[WhiteTeamCountry "GER"]
[BlackTeamCountry "GER"]

1. e4 c5 2. Nf3 e6 3. d4 cxd4 4. Nxd4 a6 5. Nc3 Qc7 6. Bd3 Nf6 7. 0-0 Be7 8. Bg5 0-0 9. Re1 d6 10. Qf3 Nbd7 11. Rad1 Ne5 12. Qe3 b5 13. f4 Nxd3 14. Qxd3 Bb7 15. Bxf6 Bxf6 16. Re3 Qc5 17. a3 Rac8 18. Kh1 Rfd8 19. Re2 h6 20. h3 Qc4 21. Qd2 e5 22. Nf5 exf4 23. Qxf4 Bg5 24. Qf3 Qc7 25. Nd5 Bxd5 26. exd5 Re8 27. Rf2 g6 28. Nd4 Be3 29. Re2 Bxd4 30. Rxd4 Rxe2 31. Qxe2 Qxc2 32. Qxc2 Rxc2 33. b4 Rc3 34. Kg1 Rxa3 35. Kf2 Kg7 36. Kg1 Ra4 37. Rg4 h5 38. Rf4 a5 39. Kf1 Rxb4 40. Rxb4 axb4 41. Ke1 Kf6 42. Kd2 Ke5 43. Kc2 Kxd5 44. Kb3 Ke4 45. Kxb4 d5 46. Kc3 Ke3 47. Kc2 d4 48. Kd1 d3 49. g3 b4 0-1

[Event "GER-ch U10 Girls"]
[Site "Willingen"]
[Date "2017.06.09"]
[Round "10"]
[White "Englert, Lin"]
[Black "Alhassan, Jodi"]
[Result "1-0"]
[WhiteElo "1165"]
[BlackElo "953"]
[PlyCount "127"]
[EventDate "2017.06.04"]
[EventType "swiss"]
[EventRounds "11"]
[EventCountry "GER"]
[SourceTitle "CBM 178 Extra"]
[Source "ChessBase"]
[SourceDate "2017.06.22"]
[SourceVersion "1"]
[SourceVersionDate "2017.06.22"]
[SourceQuality "1"]

1. e4 e5 2. Nf3 Nc6 3. Bb5 a6 4. Ba4 b5 5. Bb3 d6 6. h3 h6 7. d3 Nf6 8. c3 Be7 9. Nbd2 0-0 10. 0-0 Bb7 11. Re1 Na5 12. Bc2 c5 13. b3 Rc8 14. Nf1 d5 15. exd5 Qxd5 16. Rxe5 Qd7 17. Qe1 Rfe8 18. Re3 Bd6 19. Rxe8+ Rxe8 20. Qd1 Nc6 21. Ne3 Ne5 22. Nxe5 Bxe5 23. Bb2 Bf4 24. Bc1 Qc6 25. Qf1 Bxe3 26. Bxe3 Nd5 27. Bd2 f5 28. c4 Nf6 29. Re1 Rxe1 30. Bxe1 Nh5 31. Bd2 g5 32. Bd1 Nf4 33. Bxf4 gxf4 34. Bf3 Qc7 35. Bxb7 Qxb7 36. f3 bxc4 37. dxc4 a5 38. Qd3 Qf7 39. Kf2 Kg7 40. Qc3+ Kg6 41. Qxa5 Qe7 42. Qd2 Qe5 43. a4 Qb8 44. Qc3 h5 45. a5 Kg5 46. a6 Qa7 47. Qa5 h4 48. Qd8+ Kh5 49. Qc8 Kg5 50. Qb7 Qxb7 51. axb7 Kh5 52. b8Q Kg5 53. Qb6 Kh5 54. Ke2 Kg5 55. Qxc5 Kg6 56. Qd6+ Kg5 57. Kd3 Kh5 58. Kd4 Kg5 59. Ke5 Kh5 60. Qe6 Kg5 61. Qxf5+ Kh6 62. Qg4 Kh7 63. Kf6 Kh8 64. Qg7# 1-0

[Event "GER-ch U10 Girls"]
[Site "Willingen"]
[Date "2017.06.07"]
[Round "7"]
[White "Alhassan, Jodi"]
[Black "Nguyen, Jenny Ha Linh"]
[Result "1/2-1/2"]
[WhiteElo "953"]
[BlackElo "1102"]
[PlyCount "62"]
[EventDate "2017.06.04"]
[EventType "swiss"]
[EventRounds "11"]
[EventCountry "GER"]
[SourceTitle "CBM 178 Extra"]
[Source "ChessBase"]
[SourceDate "2017.06.22"]
[SourceVersion "1"]
[SourceVersionDate "2017.06.22"]
[SourceQuality "1"]

1. e4 d5 2. exd5 Qxd5 3. Nc3 Qa5 4. d4 c6 5. Nf3 Nf6 6. Bd3 Bg4 7. 0-0 e6 8. Bg5 Nbd7 9. Ne4 Nxe4 10. Bxe4 Bxf3 11. Qxf3 Qxg5 12. c4 Qf6 13. Qe3 Bd6 14. f4 c5 15. Rad1 cxd4 16. Rxd4 Bc5 17. Rfd1 e5 18. fxe5 Nxe5 19. Kh1 0-0 20. Qh3 h6 21. Rd5 Rad8 22. a3 Rxd5 23. Bxd5 Nd3 24. Qxd3 Qxb2 25. a4 Re8 26. Qf3 Qf2 27. h3 Qxf3 28. Bxf3 b6 29. g4 Rc8 30. Rd7 g5 31. Bd5 Rf8 1/2-1/2

[Event "GER-ch U10 Girls"]
[Site "Willingen"]
[Date "2017.06.06"]
[Round "5"]
[White "Wilmink, Anna"]
[Black "Alhassan, Jodi"]
[Result "1-0"]
[WhiteElo "1140"]
[BlackElo "953"]
[PlyCount "61"]
[EventDate "2017.06.04"]
[EventType "swiss"]
[EventRounds "11"]
[EventCountry "GER"]
[SourceTitle "CBM 178 Extra"]
[Source "ChessBase"]
[SourceDate "2017.06.22"]
[SourceVersion "1"]
[SourceVersionDate "2017.06.22"]
[SourceQuality "1"]

1. e4 c5 2. Nf3 d6 3. d4 cxd4 4. Nxd4 Nf6 5. Nc3 a6 6. Be3 Nc6 7. Bd3 e6 8. 0-0 Be7 9. f4 Qc7 10. Qf3 Bd7 11. Rab1 0-0 12. g4 e5 13. Nf5 Bxf5 14. exf5 Nd7 15. Qe4 f6 16. g5 Nc5 17. Bxc5 dxc5 18. Bc4+ Kh8 19. Nd5 Qd8 20. Rf3 fxg5 21. Bd3 Nd4 22. f6 Nxf3+ 23. Kf2 g6 24. fxe7 Nd2 25. Qxe5+ Kg8 26. exd8Q Raxd8 27. Nf6+ Kg7 28. Ne4+ Kh6 29. Nxd2 Rxf4+ 30. Ke3 Rdf8 31. Rg1 1-0

[Event "GER-ch U10 Girls"]
[Site "Willingen"]
[Date "2017.06.04"]
[Round "1"]
[White "Winkler, Sarah"]
[Black "Alhassan, Jodi"]
[Result "1-0"]
[WhiteElo "1251"]
[BlackElo "953"]
[PlyCount "61"]
[EventDate "2017.06.04"]
[EventType "swiss"]
[EventRounds "11"]
[EventCountry "GER"]
[SourceTitle "CBM 178 Extra"]
[Source "ChessBase"]
[SourceDate "2017.06.22"]
[SourceVersion "1"]
[SourceVersionDate "2017.06.22"]
[SourceQuality "1"]

1. e4 c5 2. Nf3 d6 3. Bc4 e6 4. c3 Nf6 5. d3 Nc6 6. 0-0 Be7 7. Re1 0-0 8. Bg5 h6 9. Bh4 b6 10. Bg3 e5 11. Nbd2 Bg4 12. h3 Bh5 13. Qc1 Bxf3 14. Nxf3 Nh5 15. Bh2 Bg5 16. Nxg5 Qxg5 17. Qxg5 hxg5 18. Rad1 Rad8 19. Re3 Na5 20. Bb5 f5 21. d4 exd4 22. cxd4 fxe4 23. Rxe4 Nf6 24. Re7 Rf7 25. Rxf7 Kxf7 26. dxc5 bxc5 27. Rxd6 Re8 28. Kf1 Rb8 29. Rxf6+ Kxf6 30. Bxb8 Nb7 31. Bxa7 1-0